Un modelo contable de evaluación de la gestión de inversión y financiación (Registro nro. 6932)

Detalles MARC
000 -LEADER
fixed length control field 00931 a2200217 4500
001 - CONTROL NUMBER
control field 60363
005 - DATE AND TIME OF LATEST TRANSACTION
control field 20260407155854.0
008 - FIXED-LENGTH DATA ELEMENTS--GENERAL INFORMATION
fixed length control field 260407a1992 arg spa d
003 - CONTROL NUMBER IDENTIFIER
control field AR-UNSa-BCEJYS
040 ## - CATALOGING SOURCE
Original cataloging agency AR-UNSa-BCEJYS
Language of cataloging spa
Transcribing agency AR-UNSa-BCEJYS
080 ## - UNIVERSAL DECIMAL CLASSIFICATION NUMBER
Universal Decimal Classification number 657
Common auxiliary subdivision Contabilidad
020 ## - INTERNATIONAL STANDARD BOOK NUMBER
International Standard Book Number 950-9414-32-X
041 ## - LANGUAGE CODE
Language code of text/sound track or separate title spa
100 1# - MAIN ENTRY--PERSONAL NAME
Personal name Ostengo, Héctor Carlos
245 10 - TITLE STATEMENT
Title Un modelo contable de evaluación de la gestión de inversión y financiación
264 #1 - PRODUCTION, PUBLICATION, DISTRIBUTION, MANUFACTURE, AND COPYRIGHT NOTICE
Place of production, publication, distribution, manufacture San Miguel de Tucumán :
Name of producer, publisher, distributor, manufacturer Ediciones El Graduado
Date of production, publication, distribution, manufacture, or copyright notice 1992
300 ## - PHYSICAL DESCRIPTION
Extent 291 p.
Dimensions 22 cm.
505 ## - FORMATTED CONTENTS NOTE
Formatted contents note 1. Importancia de los resultados no transaccionales - 2. Activos y pasivos financieros - 3. Activos y pasivos no financieros - 4. Cuantificación del efecto del cambio en el NGP sobre la U.M - 5. Obtención de los resultados por tenencia - 6. La acción de homogeneización de la U.M - 7. Datos
590 ## - LOCAL NOTE (RLIN)
Local note niveau_biblio:m niveau_hierar:0
942 ## - ADDED ENTRY ELEMENTS (KOHA)
Koha item type
Existencias
Withdrawn status Lost status Damaged status Not for loan Home library Current library Shelving location Date acquired Total checkouts Full call number Barcode Date last seen Price effective from Koha item type
        Biblioteca Prof. Eusebio Cleto del Rey Biblioteca Prof. Eusebio Cleto del Rey   07/04/2026   657 O85m L129115 07/04/2026 07/04/2026 Libro